000 01005cam a22003257a 4500
003 CHAP
005 20220329132951.0
008 971013s1978 r 00010 d
010 _a762
011 _a1734
035 _a910
040 _cCHAP
082 _a121
_bF4Y
100 0 0 _aFoucault, Michel.
_942746
245 1 3 _aLa verdad y las formas jurídicas
260 _aMéxico, D. F. :
_bGedisa,
_c1978
300 _a174 p.
490 0 _aColección hombre y sociedad
_v; serie mediaciones
500 _a37-236
590 _aBATCH-UPD
_b10
_c20130110
_lUCH01
_h1156
590 _aBATCH-UPD
_b10
_c20130410
_lUCH01
_h0739
590 _aBATCH-UPD
_b10
_c20130914
_lUCH01
_h1033
590 _aCONVERSION
_b10
_c20130109
_lUCH01
_h1302
650 1 4 _aConocimiento, Teoría del.
_927232
650 1 4 _aVerdad.
_9118843
830 0 _aColección hombre y sociedad
_v; serie mediaciones
_924874
901 _aBK
942 _cLIBRO
949 _a121 F4Y
_bBC
_cLIBRO
_d33724000299384
_eLIBRO
_gI. c/e
_h77795
_i910
_si
_t10.40
999 _c762
_d762